| 000 | 00660nam a2200217I 4500 | ||
|---|---|---|---|
| 999 |
_c642 _d642 |
||
| 001 | 24032 | ||
| 003 | GBCCL | ||
| 005 | 20241126110342.0 | ||
| 008 | 780427s1962 xx 000 0 eng d | ||
| 035 | _a(OCoLC)03833828 | ||
| 040 |
_aTLT _cTLT |
||
| 049 | _aLBBK | ||
| 082 |
_a266 _bLEW |
||
| 092 |
_a266.52 _bL675 |
||
| 100 | 1 |
_aLewis, Norman, _d1903- _94942 |
|
| 245 | 1 | 0 |
_a"Go ye" means you : _band other missionary messages / _cby Norman Lewis. Introduction by Rev. Albert D. Helser. -- |
| 260 |
_aLincoln, Nebraska : _bBack to the Bible Publishers _c[c1962] |
||
| 300 |
_a123 p. : _c18 cm. |
||
| 650 | 0 |
_aMissions _xBiblical teaching. _9481 |
|
| 942 |
_2ddc _cBK _01 |
||